000 00749cab a2200241 4500
001 WB3431-03
008 090401t1998 xxu||||| |||| 00| 0 eng d
035 _a(Sirsi) u87940
041 _aeng
245 _aOFT to investigate retailers
260 _c1998
350 _a0
490 _aBuilding
_v263(8051) 7 August 1998, 7(1)
520 _aAs part of a wide-ranging investigation as to whether large retailers abuse their buying power, the Office of Fair Trading is to look at how supermarkets treat construction industry suppliers.
650 _aCONSTRUCTION INDUSTRY
650 _aOFT
650 _aPRICE FIXING
650 _aPURCHASING
650 _aRETAILERS
690 _aBUILT ENVIRONMENT
942 _n0
948 _c10/08/1998
999 _c55501
_d55501